[Event "Caracas Hybrid Rapid op"]
[Site "Caracas"]
[Date "2022.09.17"]
[Round "5"]
[White "Castaneda Quiames, Fabian Alejandro"]
[Black "Olivares Borjas, Rodolfo"]
[Result "0-1"]
[WhiteElo "1200"]
[BlackElo "1631"]
[PlyCount "158"]
[EventDate "2022.09.17"]
[EventType "swiss"]
[EventRounds "11"]
[EventCountry "VEN"]
[SourceTitle "EXT 2023"]
[Source "ChessBase"]
[SourceDate "2022.10.05"]
[SourceVersion "1"]
[SourceVersionDate "2022.10.05"]
[SourceQuality "1"]

1. c4 b6 2. e4 Bb7 3. d3 e6 4. Nc3 Bb4 5. Nge2 Ne7 6. g3 d5 7. Bd2 0-0 8. Bg2 dxe4 9. dxe4 Nd7 10. 0-0 Nc5 11. Qc2 Qd3 12. Qxd3 Nxd3 13. a3 Bxc3 14. Bxc3 Nc5 15. f3 a5 16. Rad1 Rad8 17. Nf4 Ng6 18. Nxg6 hxg6 19. b4 axb4 20. Bxb4 Rfe8 21. Bxc5 bxc5 22. Kf2 Rd4 23. Rxd4 cxd4 24. Rd1 c5 25. f4 Ra8 26. Ra1 Bc6 27. e5 Bxg2 28. Kxg2 Ra4 29. Kf2 Rxc4 30. a4 Rb4 31. a5 Rb7 32. Kf3 Kf8 33. a6 Ra7 34. Ra5 c4 35. Ra4 c3 36. Rxd4 Rxa6 37. Rc4 Ra2 38. Rxc3 Rxh2 39. Rc8+ Ke7 40. Rc7+ Ke8 41. Rc8+ Kd7 42. Ra8 Rc2 43. Rg8 Rc8 44. Rxg7 Ke7 45. Rh7 Rc3+ 46. Kg4 Rc2 47. Kg5 Rg2 48. g4 Rf2 49. Rh8 Rf1 50. Ra8 Rf3 51. Ra7+ Kf8 52. Ra8+ Kg7 53. Ra7 Rh3 54. Rb7 Rh8 55. Ra7 Rf8 56. Rb7 Rd8 57. Ra7 Rd4 58. Rb7 Kf8 59. Ra7 Ke8 60. Ra8+ Ke7 61. Ra7+ Rd7 62. Rxd7+ Kxd7 63. Kf6 Ke8 64. f5 exf5 65. gxf5 gxf5 66. Kxf5 Ke7 67. Ke4 Ke6 68. Kf4 f5 69. Ke3 Kxe5 70. Kf3 f4 71. Ke2 Ke4 72. Kf2 f3 73. Kf1 Kf4 74. Kf2 Kg4 75. Kf1 Kg3 76. Kg1 Kg4 77. Kf2 Kf4 78. Ke1 Ke3 79. Kf1 f2 0-1

[Event "Caracas Hybrid Rapid op"]
[Site "Caracas"]
[Date "2022.09.17"]
[Round "1"]
[White "Clemow Brito, Andres Eduardo"]
[Black "Olivares Borjas, Rodolfo"]
[Result "0-1"]
[WhiteElo "1063"]
[BlackElo "1631"]
[PlyCount "60"]
[EventDate "2022.09.17"]
[EventType "swiss"]
[EventRounds "11"]
[EventCountry "VEN"]
[SourceTitle "EXT 2023"]
[Source "ChessBase"]
[SourceDate "2022.10.05"]
[SourceVersion "1"]
[SourceVersionDate "2022.10.05"]
[SourceQuality "1"]

1. d4 Nf6 2. Nf3 b6 3. e3 Bb7 4. Bd3 e6 5. Nbd2 Be7 6. 0-0 0-0 7. Qe2 d5 8. c3 Nbd7 9. h3 c5 10. Rb1 Re8 11. Re1 Qc7 12. a3 c4 13. Bc2 b5 14. a4 b4 15. cxb4 Bxb4 16. b3 c3 17. Nf1 a5 18. Qd3 Ba6 19. Qd1 Ne4 20. Bxe4 dxe4 21. Ng5 c2 22. Qh5 h6 23. Qxf7+ Kh8 24. Ng3 Qd8 25. Nxe6 Rxe6 26. Nf5 Qf6 27. Qh5 cxb1Q 28. Rf1 Bxf1 29. Qd1 Qxf5 30. Qxf1 Rc8 0-1

[Event "Caracas Hybrid Rapid op"]
[Site "Caracas"]
[Date "2022.09.17"]
[Round "2"]
[White "Olivares Borjas, Rodolfo"]
[Black "Ramirez Portuguez, Anderson Javier"]
[Result "0-1"]
[WhiteElo "1631"]
[BlackElo "1280"]
[PlyCount "38"]
[EventDate "2022.09.17"]
[EventType "swiss"]
[EventRounds "11"]
[EventCountry "VEN"]
[SourceTitle "EXT 2023"]
[Source "ChessBase"]
[SourceDate "2022.10.05"]
[SourceVersion "1"]
[SourceVersionDate "2022.10.05"]
[SourceQuality "1"]

1. e4 e5 2. Nf3 Nc6 3. Bb5 a6 4. Ba4 Nf6 5. 0-0 Be7 6. Re1 b5 7. Bb3 0-0 8. d3 d5 9. exd5 Nxd5 10. Nxe5 Nxe5 11. Rxe5 c6 12. Nd2 Bd6 13. Re1 Qh4 14. g3 Qh3 15. Qf3 Bg4 16. Qg2 Rfe8 17. Rxe8+ Rxe8 18. Qxh3 Bxh3 19. f3 Bc5+ 0-1

[Event "Las Americas Team op U2400 Hybrid"]
[Site "Internet"]
[Date "2022.05.14"]
[Round "5.2"]
[White "Olivares Borjas, Rodolfo"]
[Black "Aspiazu Sibri, Marlon Steven"]
[Result "0-1"]
[WhiteElo "1605"]
[BlackElo "1949"]
[PlyCount "82"]
[EventDate "2022.05.14"]
[EventType "team-swiss"]
[EventRounds "5"]
[EventCountry "VEN"]
[SourceTitle "EXT 2023"]
[Source "ChessBase"]
[SourceDate "2022.10.05"]
[SourceVersion "1"]
[SourceVersionDate "2022.10.05"]
[SourceQuality "1"]

1. e4 d6 2. Nc3 g6 3. f4 Bg7 4. Nf3 c5 5. Bb5+ Bd7 6. Bxd7+ Qxd7 7. d3 Nc6 8. 0-0 e6 9. a3 Nge7 10. Qe1 Nd4 11. Nxd4 cxd4 12. Ne2 Rc8 13. c4 dxc3 14. Nxc3 0-0 15. Be3 b5 16. Qd2 d5 17. exd5 Nxd5 18. Nxd5 Qxd5 19. Bxa7 Rfd8 20. Rac1 Ra8 21. Bb6 Qxd3 22. Qxd3 Rxd3 23. Rc2 h5 24. Rfc1 Rb3 25. Rc8+ Rxc8 26. Rxc8+ Kh7 27. Bc5 Bxb2 28. Rb8 Kg7 29. Be7 Bd4+ 30. Kf1 Rb2 31. g3 Rf2+ 32. Ke1 Rxh2 33. Rxb5 Bf2+ 34. Kf1 Bxg3 35. Kg1 Rd2 36. Bb4 Rd1+ 37. Kg2 Bxf4 38. Bc3+ e5 39. a4 Rd3 40. Rc5 h4 41. a5 h3+ 0-1

[Event "Híbrido del Sur U2200 op 3rd"]
[Site "Tornelo INT"]
[Date "2021.11.26"]
[Round "2"]
[White "Olivares Borjas, Rodolfo"]
[Black "Hernandez Mora, Ulises Jose"]
[Result "1/2-1/2"]
[WhiteElo "1545"]
[BlackElo "1732"]
[PlyCount "117"]
[EventDate "2021.11.26"]
[EventType "swiss"]
[EventRounds "6"]
[EventCountry "VEN"]
[SourceTitle "EXT 2023"]
[Source "ChessBase"]
[SourceDate "2022.10.05"]
[SourceVersion "1"]
[SourceVersionDate "2022.10.05"]
[SourceQuality "1"]

1. e4 c6 2. d4 d5 3. f3 dxe4 4. fxe4 Nf6 5. e5 Nd5 6. Nf3 Bg4 7. Be2 e6 8. 0-0 Be7 9. c4 Nb6 10. Nc3 N8d7 11. Be3 Qc7 12. Ng5 Nxc4 13. Bc1 Bxg5 14. Bxg5 Nxb2 15. Qc2 Bxe2 16. Nxe2 c5 17. Qxb2 c4 18. Rac1 0-0 19. Be7 Rfc8 20. Bd6 Qc6 21. Nc3 a6 22. a4 Nb6 23. a5 Nd5 24. Nxd5 Qxd5 25. Qd2 h6 26. Qf4 Kh8 27. Rc3 Qxa5 28. Rfc1 Qd5 29. Qxf7 Qxd4+ 30. Kh1 b5 31. Qxe6 a5 32. Qf7 Ra7 33. Qe6 Rca8 34. Rf3 Qd2 35. Rcf1 Rg8 36. Bc5 Rd7 37. Be3 Qd5 38. Qf5 c3 39. Rh3 Qd3 40. Qf2 Qg6 41. Rg3 Qe6 42. Qc2 Qxe5 43. Qc1 Qe6 44. Qxc3 b4 45. Qa1 Rd5 46. Rh3 Kh7 47. Qb1+ Kh8 48. Qb2 Kh7 49. Qc2+ Qg6 50. Qxg6+ Kxg6 51. Rg3+ Kh7 52. h3 b3 53. Bc1 a4 54. Kh2 Rd7 55. Rf4 Ra8 56. Ba3 Rb7 57. Rgg4 b2 58. Bxb2 Rxb2 59. Rxa4 1/2-1/2

[Event "Preinscritos IRT Online"]
[Site "Chess.com INT"]
[Date "2020.12.26"]
[Round "1"]
[White "Olivares Borjas, Rodolfo"]
[Black "Cuaical Benavides, Dana Mirtha"]
[Result "1-0"]
[WhiteElo "1804"]
[BlackElo "892"]
[PlyCount "81"]
[EventDate "2020.12.26"]
[EventType "swiss"]
[EventRounds "11"]
[EventCountry "ECU"]
[SourceTitle "CBM 200 Extra"]
[Source "ChessBase"]
[SourceDate "2021.03.31"]
[SourceVersion "1"]
[SourceVersionDate "2021.03.31"]
[SourceQuality "1"]

1. e4 e5 2. Nf3 Nc6 3. Bb5 a6 4. Ba4 Nf6 5. 0-0 Nxe4 6. Re1 f5 7. d3 Nc5 8. Bxc6 dxc6 9. Nxe5 Qd7 10. Nxd7+ Kxd7 11. Qe2 Bd6 12. d4 Ne4 13. f3 Nf6 14. Bg5 Re8 15. Qf2 b6 16. Bxf6 gxf6 17. Nc3 c5 18. dxc5 Bxc5 19. Rad1+ Kc6 20. Qxc5+ bxc5 21. Rxe8 Rb8 22. Rdd8 Rxb2 23. Rxc8 Rxc2 24. Nd1 Rc1 25. Rcd8 Kb5 26. Kf2 Rc2+ 27. Kg3 Rxa2 28. Nc3+ Kb4 29. Nxa2+ Kb3 30. Nc1+ Kc2 31. Ne2 a5 32. Ra8 c4 33. Rxa5 c3 34. Rc5 Kd3 35. Rxc3+ Kd2 36. Rxc7 Kd1 37. Nf4 Kd2 38. Rd7+ Kc3 39. Rc8+ Kb4 40. Rb7+ Ka5 41. Ra8# 1-0